00338nam a2200133Ia 4500008004100000020001500041041001200056082001600068100001900084245004300103260003500146300000800181650001500189221030s9999 xx 000 0 und d a8173917361 aEnglish a105.23bPra aA. K. Pramanik 0aValue Added Accounting & Reporting VAT bKanishka Pub.aNew Delhic2005 a390 aManagement